00909nam a22002057a 450000500170000000800240001702000180004104100080005904400070006708200180007411000580009224500640015024600610021426001830027530000410045850400500049965000550054965000490060465000500065320140827105916.0140815|2009 ck spa | a9789583870118 aspa ack a363.348bC82p2 aCorporación Autónoma Regional de Risaralda-CARDER aPlan Municipal para la Gestión Local del Riesgo La Celia: aPlan de Gestión del Riesgo del Municipio de La Celia  aPereira - RisaraldabCorporación Autónoma Regional de Risaralda - CARDERbGobernación de Risaralda, Coordinación Departamental de Urgencias, Emergencias y Desastresc2009 a60 p. bFot (col.), tablas. c29 cm. aIncluye referencias bibliográficas (pag 60) 4aPrevención de desastreszPereira (Dpt. Colombia) 4aDesastres naturaleszPereira (Dpt. Colombia) 4aGestión del riesgozPereira (Dpt. Colombia)